| 000 | 00548cam a2200229 4500 | ||
|---|---|---|---|
| 001 | 1257084 | ||
| 005 | 20180301074518.0 | ||
| 008 | 731211s1973 enk 001 0 eng | ||
| 010 | _a 73178574 | ||
| 015 | _aGB73-25136 | ||
| 020 | _a0245518703 | ||
| 040 |
_aDLC _cDLC _dDLC |
||
| 041 | _aeng | ||
| 080 | _a133.062 EVA | ||
| 082 | 0 | 0 | _a133.062 EVA |
| 100 | 1 | _a48 | |
| 101 | _aPSI | ||
| 245 | 1 | 0 |
_aCults of unreason _c[by] Christopher Evans. |
| 350 | _a£3.00 | ||
| 906 |
_a7 _bcbc _corignew _d3 _encip _f19 _gy-gencatlg |
||
| 942 |
_2ddc _cBK |
||
| 999 |
_c43841 _d43841 |
||